[Event "Avoine op 29th"]
[Site "Avoine"]
[Date "2014.07.20"]
[Round "2"]
[White "Heurtebize, Christophe"]
[Black "Petitjean, Francois"]
[Result "1-0"]
[WhiteElo "2067"]
[BlackElo "1871"]
[PlyCount "71"]
[EventDate "2014.07.19"]
[EventType "swiss"]
[EventRounds "9"]
[EventCountry "FRA"]
[SourceTitle "CBM 161 Extra"]
[Source "ChessBase"]
[SourceDate "2014.08.29"]
[SourceVersion "1"]
[SourceVersionDate "2014.08.29"]
[SourceQuality "1"]

1. c4 Nf6 2. Nf3 c5 3. g3 Nc6 4. Bg2 g6 5. 0-0 Bg7 6. Nc3 0-0 7. d4 cxd4 8. Nxd4 Qa5 9. Nc2 d6 10. Ne3 Bd7 11. Rb1 Rac8 12. a3 Qh5 13. Ncd5 Nxd5 14. Nxd5 Rfe8 15. b4 b6 16. Bf3 Qe5 17. Bb2 Qe6 18. Nf4 Qxc4 19. Bd5 Qa6 20. Bxg7 Kxg7 21. b5 Qxa3 22. Bxc6 Bxc6 23. bxc6 Rc7 24. Ra1 Qc5 25. Rc1 Qb5 26. Qd5 Qa6 27. Ra1 Qc8 28. Rfc1 Qd8 29. Rd1 Qc8 30. Rac1 Kg8 31. Qb5 Qa8 32. Nd5 Rcc8 33. c7 Kf8 34. Qd7 Qb7 35. Rc3 Qa6 36. Re3 1-0